Culture Générale - Série 1317 - Statistiques

Statistiques générales
  • Ce quiz a été pris 83 fois
  • Le résultat moyen est 5 sur 10
Statistiques - réponses
Question Réponse % Correct
Quelle est la première ville au monde à avoir construit son métro, inauguré en 1863 ? Londres
94%
Selon l'expression, lorsqu'on est très excité, à quel insecte sauteur est-on comparé ? puce
92%
Dans quel département se situe la station de sports d'hiver appelée Val-Thorens ? Savoie
80%
Dans l'Antiquité, quel mot grec signifiant "place publique" désignait le centre de la cité où siégeait l'assemblée du peuple ? agora
72%
En quelle année napoléon Bonaparte promulgue-t-il le Code civil des Français ? 1804
67%
Quel volcan actif de La Réunion culmine à environ 2 630 mètres ? piton de la Fournaise
56%
A quel compositeur français doit-on la partition du ballet créé en 1912 "Daphnis et Chloé" ? Maurice Ravel
20%
Quel nom porte l'agence de presse officielle de l'Union soviétique, de 1925 à 1991 ? Tass
15%
Au début des années 70, quel acteur incarne le roi dans la série télévisée “Anna et le Roi” ? Yul Brynner
11%
Quel journaliste, prénommé Maurice, a lancé le magazine hebdomadaire VSD, en 1977 ? Maurice Siegel
1%
Aucun quiz correspondant
Distribution des résultats
% des personnes avec chaque résultat
Percentile par nombre de réponses
Votre historique - résultats
Vous n’avez pas pris ce quiz